| 000 | 00437cam a2200169ua 4500 | ||
|---|---|---|---|
| 003 | OSt | ||
| 008 | 250130b |||||||| |||| 00| 0 eng d | ||
| 020 | _a0-87055-327-5 | ||
| 041 | _aeng | ||
| 082 |
_a621.3 _bGUS/FO |
||
| 100 |
_aGustafsen , Robert J . _97044 |
||
| 245 | _aFundamentals of Electricity for Agriculture / | ||
| 250 | _a1 / | ||
| 260 |
_aConnecticut : _bAVI Publishing Co , _c1980. |
||
| 300 | _a294 ; . | ||
| 942 | _cBK | ||
| 999 |
_c2997 _d2997 |
||